000 01127nam a2200265 i 4500
003 EG-GICUC
005 20260416104532.0
008 260403s1992 ti ||||fry||| 000 0 ara d
040 _a EG-GICUC
_bara
_c EG-GICUC
_d EG-GICUC
_erda
082 0 4 _221
_a341.28056905
_bم ؤ . ق
092 0 4 _221
099 _aLaw1 11 341.28056905 م ؤ . ق 1993
111 1 _a(القدس مفتاح السلام ندوة فكرية :
_d1993 :
_nالمحور السادس :
_cتونس)
245 1 2 _aالقدس عاصمة الدولة الفلسطينية المستقلة /
_cمنظمة التحرير الفلسطينية ; حركة التحرير الوطني الفلسطيني
264 1 _aتونس :
_bحركة التحرير الوطني الفلسطيني،
_c1993.
300 _a322 صفحة ;
_c24 سم
336 _2rda content
_atext
337 _2rda media
_aComputer
338 _2rda carrier
_aOnline Resource
546 _aالنص باللغة العربية
650 1 4 _aالمناطق غير المستقلة
856 4 0 _uhttps://fll.law.cu.edu.eg/fulltext/bks/B11-05746.pdf
905 _a67
942 _2ddc
_cCP
_e21
_n0
999 _c68526
_d68526